000 00653nam a22002057a 4500
005 20251108165451.0
008 250721s1988 xx 000 0 ara d
082 1 4 _aم/217.3/غنا
100 1 _aغنايم، محمد نبيل
245 1 0 _aالرسالة للإمام الشافعي /
264 1 _aالقاهره :
_bمركز الأهرام للترجمة و النشر،
_c1988.
300 _a351ص
490 0 _aتقريب التراث ؛ 3
650 1 7 _aالفقه الشافعي
650 1 7 _aالفقه الإسلامي
650 1 7 _aالفقهاء المسلمون
650 1 7 _aالإسلام
942 _2ddc
_cREF
999 _c28639
_d28639